00768nam a2200253 a 4500001000900000003000900009005001700018007000900035008004000044020001500084040002200099100002500121245011600146250000600262260003600268300002800304490001800332600004800350650002200398650002600420700003000446700001900476830001900495 0045137DO-SdBNP20160623094315.0 0045137150204s2004 sp a 000 0 spa d a843167637X aBPMSUbspacBPMSU1 aCervantes, Miguel de10aDon quijote / b cMiguel de Cervantes ; adaptación de Agustín Sánchez Aguilar : ilustración svetlin a  aMadrid :bVincens Vives, c2004 a159 p. :bil. ;c23 cm.1 aCuccaña v  aCervantes Saavedra, Miguel de, d1547-1616. aNOVELA ESPAÑOLA aLITERATURA ESPAÑOLA1 a Sánchez, Agustín e 1 asvetline il.  0a Cuccaña p